東武鉄道の特急列車/Limited Express Trains of Tobu Railway - Statistics

General Stats
  • This quiz has been taken 48 times
  • The average score is 7 of 10
Answer Stats
Line(s) Serving Origin Destination Train Name % Correct
Isesaki Line/Nikko Line/Kinugawa Line 伊勢崎線/日光線/鬼怒川線 Asakusa 浅草 Kinugawa Onsen 鬼怒川温泉 100系 Kinu/きぬ
97%
Isesaki Line/Nikko Line 伊勢崎線/日光線 Asakusa 浅草 Tobu Nikko/Shin Tochigi 東武日光/新栃木 100系 Kegon/けごん
92%
Isesaki Line/Kiryu Line 伊勢崎線/桐生線 Asakusa 浅草 Akagi/Ota/Tatebayashi 赤城/太田/館林 200系/250系 Ryomo/りょうもう
83%
Isesaki Line/Nikko Line 伊勢崎線/日光線 Asakusa 浅草 Tobu Nikko/Shin Tochigi 東武日光/新栃木 500系 Revaty Kegon/リバティけごん
72%
Isesaki Line/Noda Line 伊勢崎線/野田線 Asakusa/Omiya 浅草/大宮 Omiya/Kashiwa 大宮/柏 500系 Urban Park Liner/アーバンパークライナー
72%
Isesaki Line/Nikko Line/Kinugawa Line 伊勢崎線/日光線/鬼怒川線 Asakusa 浅草 Kinugawa Onsen 鬼怒川温泉 500系 Revaty Kinu/リバティきぬ
69%
Isesaki Line 伊勢崎線 Asakusa 浅草 Kasukabe 春日部 100系/500系 Skytree Liner/スカイツリーライナー
69%
Isesaki Line/Nikko Line/Kinugawa Line/Yagan Railway Aizu Kinugawa Line/Aizu Line 伊勢崎線/日光線/鬼怒川線/野岩鉄道会津鬼怒川線/会津鉄道会津線 Asakusa 浅草 Aizu Tajima 会津田島 500系 Revaty Aizu/リバティ会津
67%
Isesaki Line/Kiryu Line 伊勢崎線/桐生線 Asakusa 浅草 Akagi/Ota/Tatebayashi 赤城/太田/館林 500系 Revaty Ryomo/リバティりょうもう
64%
Isesaki Line/Nikko Line 伊勢崎線/日光線 Asakusa 浅草 Tobu Nikko 東武日光 350系 Kirifuri/きりふり
50%
No matching quizzes found
Score Distribution
Percent of People with Each Score
Percentile by Number Answered
Your Score History
You have not taken this quiz